000 00561nam a2200193Ia 4500
005 20250508160729.0
008 008 250505s9999 xx 000 0 eng d
037 _aTextual
040 _aFEDL
_beng
_cFEDL
041 _aeng
_2eng
084 _a181.404, RAO
_qFEDL
100 _aRao P. Nagaraja
245 0 _aEssays in Indian philosophy and religion
260 _aBombay, India
_bLalvani Publishing House
_c1971
300 _aix,185p
650 _aOriental philosophy
_9755543
942 _cTEXL
_h181.404, RAO
999 _c1366291
_d1366291